000 01162nam a22003497a 4500
003 CHAP
005 20220329143309.0
008 080312d2004 es r 00110 spa d
010 _a94587
011 _a95559
020 _a8428213534
035 _a106186
040 _cCHAP
082 0 4 _a580
_bS87Y 2004
100 0 0 _aStrasburger, Eduard.
_9109952
245 1 0 _aTratado de Botánica
_c/por Eduard Strasburger [y otros]
260 _aBarcelona :
_bOmega,
_c2004
300 _axvii, 1134 p. :
_bilus. ; gráfs.
500 _aTrad. de : Strasburger, lehrbuch der botanik fur hochschulen de la 35a. ed. en alemán
590 _aBATCH-UPD
_b10
_c20130110
_lUCH01
_h0348
590 _aBATCH-UPD
_b10
_c20130110
_lUCH01
_h1804
590 _aBATCH-UPD
_b10
_c20130410
_lUCH01
_h0022
590 _aBATCH-UPD
_b10
_c20130914
_lUCH01
_h0738
590 _aCONVERSION
_b10
_c20130109
_lUCH01
_h1352
650 1 4 _aBotánica.
_914477
650 1 4 _aEcología.
_935134
650 1 4 _aMorfología.
_978770
700 1 _aSitte, Peter
_9106793
901 _aBK
942 _cLIBRO
949 _a580 S87Y 2004
_bBC
_cLIBRO
_d33724002053165
_eLIBRO
_gI.236172
_h109259
_i106186
_si
_t$1771.25
999 _c94587
_d94587